| 000 | 00468nam a2200169Ia 4500 | ||
|---|---|---|---|
| 003 | OSt | ||
| 005 | 20200709133517.0 | ||
| 008 | 190216s9999||||xx |||||||||||||| ||und|| | ||
| 040 | _coclc | ||
| 082 |
_a905 _bMAI/J |
||
| 100 |
_aMaity, S K _93699 |
||
| 245 | 0 |
_aJournal Of History / _cS K Maity |
|
| 260 |
_bJadavpur University, _c1978. _aCalcutta: |
||
| 300 | _a200p | ||
| 650 | _aJournal Of History | ||
| 942 |
_cBK _2ddc _h905 _iMAI/J _k905 _mMAI/J |
||
| 999 |
_c20278 _d20278 |
||